[Event "EU-chT (Men) 14th"]
[Site "Plovdiv"]
[Date "2003.10.12"]
[Round "2.3"]
[White "Kacheishvili, Giorgi"]
[Black "Barkhagen, Jonas"]
[Result "1-0"]
[WhiteElo "2593"]
[BlackElo "2480"]
[Annotator "Roiz,M"]
[PlyCount "95"]
[EventDate "2003.10.10"]
[EventType "team-swiss"]
[EventRounds "9"]
[EventCountry "BUL"]
[SourceTitle "CBM 098"]
[Source "ChessBase"]
[SourceDate "2004.02.03"]
[SourceVersion "1"]
[SourceVersionDate "2004.02.03"]
[SourceQuality "1"]
[WhiteTeam "Georgia"]
[BlackTeam "Sweden"]
[WhiteTeamCountry "GEO"]
[BlackTeamCountry "SWE"]

1. d4 {[%mdl 4]} Nf6 2. c4 e6 3. Nf3 b6 4. e3 Bb7 5. Bd3 Be7 ({In my opinion,
the most solid is:} 5... d5 6. O-O Bd6) 6. Nc3 d5 7. O-O O-O 8. cxd5 exd5 9. b3
Ne4 {That typical move is more effective wtih the Bd6.} (9... Re8 10. Bb2 Ne4
11. Rc1 a6 12. Qc2 Bd6 13. Ne5 Nf6 14. Ne2 Qe7 15. Nf4 Nbd7 16. Nc6 $14 {
0-1 Mozetic,D-Stevanovic,V/Belgrade SCG 2003/The Week in Chess 466 (54)}) ({
The most popular and natural move here is:} 9... Nbd7 10. Bb2 Ne4 11. Rc1 a6
12. Qc2 f5 13. Ne2 Bd6 14. Ne5 g6 15. f3 Nef6 16. Ng3 Qe7 17. f4 Rac8 18. Qe2
$14 {1/2-1/2 Radjabov,T-Istratescu,A/Halkidiki 2002/CBM 89 ext (29)}) 10. Bb2
Nxc3 {That is usually not bad for black to change the knights,but now he has
always to think about the positional threat of b3-b4.} (10... Nd7 11. Rc1 (11.
Qc2 f5 (11... Ndf6 12. Ne5 c5 13. dxc5 Bxc5 14. Nxe4 dxe4 15. Be2 Rc8 16. Qd1
Qxd1 17. Rfxd1 Rfd8 18. Rxd8+ Rxd8 19. Rd1 Rxd1+ 20. Bxd1 {1/2-1/2 Psakhis,
L-Tukmakov,V/URS-ch51 Lvov 1984}) (11... Nxc3 12. Bxc3 (12. Bxh7+ $2 Kh8 13.
Bxc3 g6 14. Bxg6 fxg6 15. Qxg6 Bf6 $1 {and white hasn't enough compensation.} (
15... Qe8 $2 16. Qh6+ Kg8 17. Ng5 Bxg5 18. Qxg5+ Kh8 19. Qh4+ Kg7 20. Qg3+ Kh8
21. Qxc7 $16) 16. Ne5 Nxe5 17. dxe5 Bg7) 12... Nf6 13. Rac1 $14) 12. Ne2 {
[%csl Ge5,Ge6]} Bd6 13. Rac1 $146 (13. Ne5 g6 (13... Bxe5 14. dxe5 Ndc5 15. Ba3
Nxd3 (15... Rf7 16. Bxc5 $16) 16. Bxf8 Ndxf2 17. Ba3 (17. Bxg7 {} Qg5 $1 (
17... Kxg7 $2 18. Nd4 Kh8 19. Rxf2 Nxf2 20. Qxf2 Qe7 21. Qf4 Re8 22. e6 c5 23.
Qe5+ Qg7 24. Qxg7+ Kxg7 25. Nxf5+ Kf6 26. Rf1 $16) 18. Qxc7 Qxe3 $17) 17... Ng4
18. Rf3 c5 19. h3 Nh6 $44) 14. f3 Nec5 15. dxc5 Bxe5 16. Bxe5 Nxe5 17. b4 Qe7
18. Rac1 Rfe8 19. Nd4 bxc5 20. bxc5 Nc6 21. Rfe1 Nxd4 22. exd4 Qf6 23. Qf2 Ba6
24. Bxa6 {1/2-1/2 De Greiff,B-Pietzsch,W/Havana Cap mem 1962}) 13... Rc8 (13...
Qe7 {} 14. Ne5 Nxe5 (14... c5 $142 {(Avrukh,B) see13...c5}) 15. dxe5 Bc5 16.
b4 Bxb4 17. Qxc7 Rf7 18. Qxe7 Rxe7 19. Rfd1 {gives white a very pleasant
ending.}) 14. Ne5 Bxe5 (14... c5 $1 15. Nxd7 (15. Qb1 $2 Nd2) 15... Qxd7 16.
dxc5 bxc5 (16... Rxc5 17. Qd1 $16 {[%csl Gd4,Gd5,Gf5]}) 17. f3 Ng5 18. Ng3 (18.
h4 Ne4 $1 19. fxe4 fxe4 20. Bxe4 dxe4 $11) 18... Bxg3 (18... f4 $2 19. Bf5 $16)
19. hxg3 Qe6 20. Rfe1 Qd6 $1 21. Kh2 Qh6+ 22. Kg1 Qd6 $11) 15. dxe5 $14 {
1/2-1/2 Avrukh,B-Krayz,A/Tel Aviv 1997/CBM 59/[Avrukh,B] (45)}) (11. Ne2 {
/\ Rc1;Ng3} c5 (11... Bd6 12. Ng3 Qf6 $6 (12... f5 $1 13. Ne5 Qe7 $13) 13. Rc1
{[%cal Gd3b5]} a6 14. Qc2 Nxg3 (14... Rfe8 $142 15. Bxe4 $5 dxe4 16. Nd2 {
/\ Nc4+/=}) 15. hxg3 $14 (15. Bxh7+ {} Kh8 16. fxg3 $5 Qh6 17. Bd3 Qxe3+ 18.
Kh1 $13) 15... Qh6 $2 (15... g6 $6 16. e4 $1 dxe4 17. Bxe4 Bxe4 18. Qxe4 $16 {
X /^a1-h8}) (15... h6 16. Bf5 Qe7 $14) 16. g4 $1 Rfe8 17. g3 $1 $16 {[%cal
Gg1g2,Gf1h1] 1-0 Malaniuk,V-Danielsen,H/Espergarde PC 1992 (21)}) 12. Ng3 Nxg3
13. hxg3 Nf6 14. Ne5 Ne4 15. Qg4 $6 Qc8 16. Qe2 Qe6 17. Rad1 Bd6 18. Bb1 a5 $15
{1-0 Zhukova,N-Tetenkina,I/WchJW-U16 Szeged 1994 (44)}) 11... c5 (11... Ndf6
12. Ne2 Bd6 13. Ne5 c5 14. f3 Ng5 15. Ng3 cxd4 16. exd4 g6 17. Qd2 Ne6 18. Qh6
Rc8 19. Rxc8 Qxc8 20. Nf5 $1 $40 {1-0 Kurajica,B-Karpov,A/Tilburg 1994 (40)})
12. Ne2 Rc8 13. Ng3 g6 14. Qe2 Bf6 15. Rfd1 Rc7 16. Rc2 Qe7 17. Rdc1 Rfc8 18.
Ba3 $14 {1-0 Malaniuk,V-Sergeev,V/St Petersburg 2000/CBM 76 (59)}) 11. Bxc3 Ba6
$6 $146 {[%mdl 16384] That allows white to reach a stable advantage,since he
will fix the weakness on c6 by b4-b5.} (11... Nd7 $142 12. Rc1 (12. Qc2 Nf6 13.
Rac1 Bd6 14. Bb2 Re8 15. Rfe1 Ne4 $11 {1-0 Spraggett,K-McDonald,J/CAN 1994/EXT
97 (55)}) (12. b4 $5) 12... a5 13. Bb2 h6 14. Bb1 g6 15. Qc2 c5 $11 {1/2-1/2
Foisor,O-Bardel,S/Grenoble 2002/CBM 88 ext (30)}) 12. b4 $1 {Without the Bb7
this move is very powerful.} Bxd3 ({after} 12... c6 13. a4 {there is nothing
better than 13...Bxd3.}) 13. Qxd3 a6 {I am not sure that this move is useful
for black,since that allows white to seice the ''a'' file in future.} (13... c6
$5 14. b5 (14. a4 Nd7 15. b5 c5 16. dxc5 Nxc5 $14) 14... cxb5 (14... c5 15.
dxc5 bxc5 16. Rfd1 {[%csl Rd5]}) 15. Qxb5 Qd7 16. Qb3 Nc6 $14) 14. a4 Bd6 {
[%csl Rc7,Gd6][%cal Gd6c7] White is going to fix black's pawn on c7,so black
has protected that pawn.} (14... Qd6 {[%cal Gb8d7]} 15. b5 axb5 16. axb5 Nd7
17. Ra6 $16) 15. b5 Qe7 ({after} 15... axb5 16. axb5 Nd7 17. Ra6 $1 {[%cal
Gf1a1] black's position is very unpleasant.}) 16. Rfb1 $1 {Now Black has
difficulties with development of Nb8,since axb5 is not good.} Nd7 (16... axb5
17. Rxb5 $1 Rd8 18. Kf1 {[%csl Rd5]} Qe4 19. Qxe4 dxe4 20. Nd2 $16 {[%cal
Gd2c4]}) 17. bxa6 c6 {It's the only way to win the pawn back.But now there are
a clear targets for white: Pc6 and Pb6 are vulnerable.} (17... Ra7 18. a5 Rfa8
19. axb6 Nxb6 {[%cal Gb6c4]} 20. Nd2 $16) 18. Bb2 $6 {[%cal Gb2a3] White wants
to change black's best defender-the Bd6,but now black gets an excellent square
for his knight.} ({after} 18. Rc1 Nb8 19. Bd2 $1 Rc8 20. a5 Rxa6 (20... b5 $2
21. Qxb5) 21. axb6 Rxb6 $16 {[%csl Rc6] white could get a typical solid
advantage.}) 18... Nb8 $1 19. Rc1 $6 {As it usually happens,one mistake can
lead to another one!} ({white could keep some advantage after:} 19. Ba3 Rxa6
20. Bxd6 Qxd6 21. Ra2 $14) 19... Nxa6 $1 {Thats the point! Now it is not east
to see any advantage of white.} 20. Qb3 (20. Ba3 Bxa3 21. Rxa3 Nb4 22. Qd2 c5
$11) 20... Qb7 $6 {There was no reason for that passive move.} ({possibly was:
} 20... Rfc8 $1 21. Ba3 Bxa3 22. Rxa3 Nb4 $11) 21. Ba3 Bxa3 22. Rxa3 Rfc8 23.
Raa1 (23. a5 $5 b5 24. Ne5 f6 25. Nd3 $14) 23... Nc7 {[%cal Gc7e6] Transfering
the knight to e6-the most comfortable place.} 24. Rab1 {Missing a great
opportunity of a4-a5.} ({after} 24. a5 Nb5 (24... b5 25. Ne5 Ne6 26. Nd3 $16 {
[%csl Ga5,Rc6][%cal Gd3b4]}) 25. axb6 Qxb6 26. Rxa8 Rxa8 27. Ne5 {white has a
clear advantage.}) 24... Ra6 25. Rc3 $6 {That is an additional inaccuracy,
after which black gets a comfortable position.} ({White's chanses are
preferable after:} 25. a5 b5 26. Ra1 Ne6 27. Qb4 $14 {[%cal Gf3d2,Gd2b3]})
25... Ne6 $11 {Black's pieces are at the ideal places now.} 26. Rbc1 (26. Ne5
c5 27. dxc5 Nxc5 28. Qb5 Qa8 $11 {[%csl Ra4]}) 26... Qa8 $2 {[%mdl 8192] That
is a serious blunder,since white's central pawns will be much stronger than
Pb6 and c6.} ({there are no problems for black after the simple} 26... Rc7 27.
Ne5 c5 $132) 27. Qxd5 $1 Rxa4 28. Qf5 $16 {Now the position is already very
hard for black:his passed pawn b6 has no power,on the other hand his pawn on
c6 is very vulnerable and d4-d5 is always a real threat.} Qa5 ({more accurate
seems to be:} 28... Ra1 29. h3 Rxc1+ 30. Rxc1 {although white has a great
chanses for a win here.}) 29. g4 $1 {An excellent decision.The position of Qf5
is very unpleasant for black,so he must change the queen-that allows white to
seize more space.} (29. Qxa5 $143 Rxa5 30. Kf1 c5 $14) 29... Qxf5 30. gxf5 Nd8
31. Ne5 c5 ({white should win after} 31... b5 32. Nxc6 (32. d5 b4 33. Rc4 Ra5
34. Nxc6 Nxc6 35. dxc6 $16) 32... Nxc6 33. Rxc6 Rxc6 34. Rxc6 Kf8 35. Rc7) 32.
Nd7 $1 {[%csl Rb6,Rc5][%cal Gd7b6] That move is quite strongest.} (32. dxc5
$143 bxc5 33. Rxc5 Rxc5 34. Rxc5 Kf8 $16) 32... Rb4 $2 {That is a decisive
mistake.} ({The only way to fight was:} 32... Ra6 33. Rb1 $1 (33. dxc5 $6 bxc5
34. Rxc5 Rac6) 33... Rca8 $1 {but after the correct:} 34. Nxb6 cxd4 35. exd4
Rb8 36. Re1 {[%csl Rg8] white has an excellent chanses for a win.}) 33. dxc5
bxc5 34. Rxc5 Rxc5 35. Rxc5 {[%cal Gc5c8]} Rb7 (35... f6 36. Rc8 Kf7 37. Rxd8
Ke7 38. Rh8 Kxd7 39. Rxh7 $18) 36. Re5 {That's the point! Black cannot avoid
an additional loss of material.} f6 37. Nxf6+ gxf6 38. Re8+ Kg7 39. Rxd8 $18 {
The endgame is completely hopeless for black,so the rest is just an agony.} Kh6
40. Rg8 Rb5 41. e4 Rb4 42. Rg4 Kh5 43. h3 h6 44. Kg2 {There is no stalemate!}
Rb6 45. Rg6 Ra6 46. Kg3 Rb6 47. f3 Ra6 48. Rg8 {[%csl Rf6][%cal Gg8e8,Ge8e6]}
1-0

[Event "EU-Cup 19th"]
[Site "Rethymno"]
[Date "2003.10.03"]
[Round "6.3"]
[White "Palliser, Richard"]
[Black "Zhigalko, Sergei"]
[Result "0-1"]
[WhiteElo "2438"]
[BlackElo "2399"]
[Annotator "Roiz,M"]
[PlyCount "72"]
[EventDate "2003.09.28"]
[EventType "team-swiss"]
[EventRounds "7"]
[EventCountry "GRE"]
[SourceTitle "CBM 098"]
[Source "ChessBase"]
[SourceDate "2004.02.03"]
[SourceVersion "1"]
[SourceVersionDate "2004.02.03"]
[SourceQuality "1"]
[WhiteTeam "Barbican"]
[BlackTeam "Minsk Vesnianka"]
[WhiteTeamCountry "ENG"]
[BlackTeamCountry "BLR"]

1. d4 {[%mdl 48]} Nf6 2. c4 e6 3. Nf3 b6 4. e3 Bb7 5. Bd3 Be7 6. O-O O-O ({
another common line is:} 6... c5 7. Nc3 cxd4 8. exd4 d5 9. cxd5 Nxd5 10. Ne5
O-O) 7. Nc3 d5 8. cxd5 exd5 9. b3 c5 10. Bb2 Nbd7 11. Rc1 Re8 12. Ne2 {[%cal
Ge2g3] That is probably not the most principal continuation.} (12. Qc2 $5 Bf8 (
12... Bd6 $142 {[%csl Ge5][%cal Gd8e7,Ga8d8] Avrukh,B}) 13. Rfd1 a6 $6 (13...
Rc8 14. Bf5 g6 15. Bh3 $5 {[%cal Gf3e5]} (15. Bxd7 $5 Qxd7 (15... Nxd7 16. dxc5
Nxc5 17. Qb1 $16 {[%csl Gd4,Gd5]}) 16. dxc5 bxc5 (16... Rxc5 17. Ba3 $1 Rxc3
18. Qxc3 Bxa3 19. Qxf6 Bxc1 20. Rxc1 $16) (16... Bxc5 17. Qb1) 17. Nxd5 $1 Nxd5
18. e4 {and black has a lot of problems with a1-h8 -diagonal;f.e.} Bh6 19. Ra1
Qe6 20. exd5 Bxd5 21. Qc3 f6 22. Rxd5 $1 Qxd5 23. Qxf6 {with decisive attack.})
) (13... g6 14. dxc5 bxc5 15. Bb5 {also unpleasant for black.}) (13... Qe7 $142
14. Ne5 $36) 14. Bf5 cxd4 (14... Rc8 15. Ne5 (15. dxc5 bxc5 16. Ne2 Rc7 17. Nf4
Bd6) 15... g6 (15... cxd4 16. Nxd7 dxc3 (16... Nxd7 17. Bxh7+ Kh8 18. Rxd4 $16)
17. Nxf6+ Qxf6 18. Bxc8 cxb2 19. Bxb7 bxc1=Q 20. Qxc1 $16 {[%csl Gd5]}) 16.
Bxd7 Nxd7 17. Nxd7 Qxd7 18. dxc5 bxc5 19. Nxd5 $1 Bxd5 20. Qc3 f6 21. Qxf6 $18)
15. Nxd4 {[%csl Gd5]} (15. Rxd4 $5) 15... Nc5 (15... Rc8 16. Qb1) 16. Nce2 Bd6
17. Nf3 (17. Bh3 $5 {[%cal Gd4f5]} Nce4 (17... Qc7 $2 18. b4 (18. Ng3) 18...
Bxh2+ 19. Kf1 (19. Kh1 $2 Nce4) 19... Ne6 20. Qxc7 Nxc7 21. g3 $18) 18. g3 $14
(18. Nf5 $6 Rc8 {[%csl Gh3][%cal Ge4g5]})) 17... Nce4 18. Ng3 (18. Nf4 $5 Bxf4
(18... Qe7 19. Nd4) 19. exf4 Bc8 20. Bxf6 (20. Bxe4 Nxe4 21. Qc6 Be6 $11) 20...
Nxf6 21. Ne5 Bxf5 22. Qxf5 $14 {[%csl Gb6,Gc6,Gd5]}) 18... Nxg3 19. hxg3 $14) (
12. Ne5 cxd4 13. exd4 a6 14. Ne2 Rc8 15. Rxc8 Qxc8 16. Ng3 Bf8 17. f4 b5 18.
Qf3 Qd8 19. Bf5 Nb6 20. Nh5 $36 {1/2-1/2 Malaniuk,V-Mitenkov,A/Katowice op
1992 (40)}) (12. Qe2 $5 {[%cal Gd3a6]} a6 13. Rfd1 b5 14. dxc5 Bxc5 15. Qf1 Qe7
16. Bf5 $14 {1-0 Tibensky,R-Korbela,L/Martin 1996/EXT 99 (27)}) 12... Rc8 {
Now that move is not bad at all,since white cannot change the bishops by Ba6.}
(12... Ne4 13. Ng3 Rc8 14. Qe2 Nxg3 15. hxg3 Bf6 16. Bf5 Rc6 17. Rfd1 $14 {
1/2-1/2 Yusupov,A-Huebner,R/SKA-Mephisto München 1992 (25)}) 13. Ng3 {In my
opinion,this typical knight's transfer is not effective now,since black can
just play g7-g6 and place his bishop on f8 and later on g7,neutralizing the
pressure of Bb2.} (13. Ne5 Bd6 14. Bf5 Rc7 15. f4 Nf8 16. Rf3 Ng6 17. Qe1 Ne4
$11 {1-0 Jendryssek,J-Artz,F/Waldshut 1991/GER (85)}) 13... g6 14. Ne5 (14. Qe2
Ne4 15. Rfd1 Bf8 $11) 14... Bf8 15. f4 {That is a very risky continuation from
strategical point of view: white is hoping only for attack,because he has a
clear weaknesses on e3 and e4.} (15. Qe2 Bg7 16. Nxd7 Nxd7 17. dxc5 Bxb2 18.
Qxb2 bxc5 19. Rfd1 $11) 15... Bg7 {That is a typical placement for the bishop,
that neutralizes white's pressure on the long diagonal.The position is very
complicated,but black's chanses are not worse,since his pawn structure is more
solid.} 16. Qf3 {The queen is very vulnerable on the long diagonal(as you can
see in future!)} ({white could keep a balanced position after:} 16. Qe2 Qe7 17.
Rfd1) 16... Rc7 {A good move.Black has protected on Bb7 and prepared c5-c4.} (
16... Qe7 $5) 17. Rb1 $6 {That is another strange move,that allows black to
seize the initiative.} ({better was:} 17. Qe2 Qe7 18. Rfd1 {although after}
Rec8 {black's position is already slighty preferable.}) 17... c4 $6 {Black has
seized a lot of space on the queen side white's bishops are really passive now.
On the other hand,i am not sure about that,because now the centre has
stabilized and that allows white to start some active operations,using his
strong Ne5.} ({after} 17... Qe7 $142 $1 {it is very hard to see some useful
move for white.}) 18. Bc2 b5 $1 {It is clear that black shouldn't allow white
to activate his dark squared bishop,but there is no time for that.} ({after} 
18... Qe7 $6 19. bxc4 dxc4 20. e4 $132 {white could reach a very strong
central pawns.}) 19. Ba3 $1 Re6 $1 {[%csl Yd6][%cal Ge6a6,Ga7a5] An excellent
rook's transfer.It goes to a6,there it will attack white'a pawns and protect
on Nf6(in view of f4-f5).Black has also took control on d6,and planning to
push a7-a5 and b5-b4,so white's next move is practically forced.} 20. Bb4 Ra6
21. Ra1 {Another strange move.I cannot understand the reason for that passive
move.} ({much more natural looks} 21. a3 Qe8 (21... Bf8 22. bxc4 bxc4 (22...
dxc4 23. e4 $13) 23. Bxf8 Qxf8 24. Nxd7 Nxd7 25. f5 $132) 22. bxc4 bxc4 23. Rf2
{and white has a defensible position,since black has always to worry about his
king.}) 21... Bf8 {Changing the dark squared bishops,black wants to break
white's blockade on the queen-side.On the other hand,white gets an excellent
opportunity of counterplay by f4-f5.} 22. Bxf8 Qxf8 23. Nxd7 $6 {[%mdl 16384]
That is already a serious strategical mistake.White's knight on e5 is the
strongest piece,so white shouldn't change without any reason!} ({after} 23. f5
g5 (23... Qe7 $2 24. Qf4 Rc8 25. fxg6 hxg6 26. Qg5 $40 {[%csl Rg6]}) 24. Nh5
Qh6 25. Nxf6+ Nxf6 26. Qg3 $132 {white could get good counterchanses.}) 23...
Rxd7 24. f5 {Now that move is much less powerful.} Qb4 $6 {Too optimistic.The
queen should be placed close to Kg8.} (24... g5 $5 25. Nh5 Qh6 26. Nxf6+ Qxf6
$15) 25. fxg6 hxg6 26. bxc4 $4 {That is a desicive mistake.The Bb7 could only
dream about opening the long diagonal!} ({The only way to fight was:} 26. Qf4
Qc3 27. Rac1 Qd2 28. Rfd1 Qa5 29. bxc4 bxc4 (29... dxc4 30. e4 $132) 30. Bb1 (
30. Rf1 $5) 30... Re6 31. Rf1 {and white's counterplay should be estimated.})
26... dxc4 27. Qf4 Qc3 $1 {That strong move was probably overlooked by white.}
28. Be4 (28. Rac1 Qd2 {[%csl Rg2,Gh2][%cal Gd2g2]} 29. Qf2 Qxf2+ 30. Rxf2 Ng4
31. Re2 Rxa2 $19) 28... Nxe4 29. Nxe4 Bxe4 30. Qxe4 Re6 $19 {[%csl Re3] Now
the game is over!} 31. Qa8+ Kg7 32. d5 Rxe3 33. Qc6 Qd4 34. Kh1 Rxd5 35. h3 {
That allows an elegant final blow,but white is completely lost anyway.} Rxh3+
36. gxh3 Qe4+ 0-1